Pokemon by first and last letters - gen 7 - Statistics

General Stats
  • This quiz has been taken 20 times
  • The average score is 13 of 20
Answer Stats
First Answer Last % Correct
Y Yungoos S
94%
K Kommo-o O
88%
L Lycanroc C
81%
O Oricorio O
81%
O Oranguru U
75%
T Torracat T
75%
V Vikavolt T
75%
W Wishiwashi I
75%
A Araquanid D
69%
P Poipole E
63%
T Toucannon N
63%
F Fomantis S
56%
M Mimikyu U
56%
T Tapu Koko O
56%
B Bewear R
50%
N Nihilego O
50%
S Silvally Y
50%
C Cosmoem M
38%
C Crabominable E
38%
P Palossand D
38%
No matching quizzes found
Score Distribution
Percent of People with Each Score
Percentile by Number Answered
Your Score History
You have not taken this quiz